| 000 | 00559nam a22002057a 4500 | ||
|---|---|---|---|
| 942 | _cBK | ||
| 999 |
_c643 _d643 |
||
| 005 | 20250420134819.0 | ||
| 008 | 200816b ||||| |||| 00| 0 eng d | ||
| 020 | _a9781473704848 | ||
| 040 | _cKCST | ||
| 082 |
_a330 _bMa Pr |
||
| 100 |
_aMankiw, N. Gregory _9889 |
||
| 245 |
_aPrinciples of economics / _cN Gregory Mankiw; Mohamed H Rashwan |
||
| 250 | _a2nd Arab world edition | ||
| 260 |
_aAndover : _bCengage Learning, _c2015. |
||
| 300 | _a675 p. | ||
| 650 |
_aEconomics. _9888 |
||
| 700 |
_aRashwan, Mohamed H _95163 |
||
| 942 | _2ddc | ||